000 00276nam a2200109Ia 4500
008 200302s9999 xx 000 0 und d
100 _aJack R. Lewis
245 _aArchitects and Engineers Office Practice Guide
260 _bPrentice-Hall Inc.,
260 _c1978
300 _a246 P.,
999 _c70
_d70